Product design and development / (Record no. 26670)
[ view plain ]
| 000 -LEADER | |
|---|---|
| fixed length control field | 01017cam a22003015a 4500 |
| 001 - CONTROL NUMBER | |
| control field | 18509001 |
| 005 - DATE AND TIME OF LATEST TRANSACTION | |
| control field | 20180508142158.0 |
| 008 - FIXED-LENGTH DATA ELEMENTS--GENERAL INFORMATION | |
| fixed length control field | 150227t2016 nyua frb 001 0 eng d |
| 010 ## - LIBRARY OF CONGRESS CONTROL NUMBER | |
| LC control number | 2015001250 |
| 020 ## - INTERNATIONAL STANDARD BOOK NUMBER | |
| International Standard Book Number | 9780078029066 (alk. paper) |
| 020 ## - INTERNATIONAL STANDARD BOOK NUMBER | |
| International Standard Book Number | 0078029066 (alk. paper) |
| 040 ## - CATALOGING SOURCE | |
| Original cataloging agency | DLC |
| Language of cataloging | eng |
| Transcribing agency | DLC |
| Modifying agency | DLC |
| -- | EG-ScBUE |
| 082 04 - DEWEY DECIMAL CLASSIFICATION NUMBER | |
| Classification number | 658.5752 |
| Item number | ULR |
| Edition number | 22 |
| 100 1# - MAIN ENTRY--PERSONAL NAME | |
| Personal name | Ulrich, Karl T. |
| 245 10 - TITLE STATEMENT | |
| Title | Product design and development / |
| Statement of responsibility, etc | Karl T. Ulrich, Steven D. Eppinger. |
| 250 ## - EDITION STATEMENT | |
| Edition statement | 6th ed. |
| 260 ## - PUBLICATION, DISTRIBUTION, ETC. (IMPRINT) | |
| Place of publication, distribution, etc | New York : |
| Name of publisher, distributor, etc | McGraw-Hill Education, |
| Date of publication, distribution, etc | c.2016. |
| 300 ## - PHYSICAL DESCRIPTION | |
| Extent | xvi, 432 p. : |
| Other physical details | ill. ; |
| Dimensions | 24 cm |
| 504 ## - BIBLIOGRAPHY, ETC. NOTE | |
| Bibliography, etc | Includes bibliographical references and index. |
| 650 #7 - SUBJECT ADDED ENTRY--TOPICAL TERM | |
| Topical term or geographic name as entry element | New Products |
| General subdivision | Decision making |
| -- | Methodology |
| Form subdivision | Case studies. |
| Source of heading or term | BUEsh |
| 650 #7 - SUBJECT ADDED ENTRY--TOPICAL TERM | |
| Topical term or geographic name as entry element | Product design |
| General subdivision | Cost effectiveness |
| Form subdivision | Case studies. |
| Source of heading or term | BUEsh |
| 650 #7 - SUBJECT ADDED ENTRY--TOPICAL TERM | |
| Topical term or geographic name as entry element | Production engineering |
| Form subdivision | Case studies. |
| Source of heading or term | BUEsh |
| 651 ## - SUBJECT ADDED ENTRY--GEOGRAPHIC NAME | |
| Source of heading or term | BUEsh |
| 653 ## - INDEX TERM--UNCONTROLLED | |
| Resource For college | Engineering, Mechanical |
| Arrived date list | May2018 |
| 655 ## - INDEX TERM--GENRE/FORM | |
| Form subdivision | Text book |
| -- | 33728 |
| 700 1# - ADDED ENTRY--PERSONAL NAME | |
| Personal name | Eppinger, Steven D. |
| 942 ## - ADDED ENTRY ELEMENTS (KOHA) | |
| Source of classification or shelving scheme | Dewey Decimal Classification |
| Withdrawn status | Item status | Source of classification or shelving scheme | Damaged status | Not for loan | Vendor | Home library | Current library | Shelving location | Date acquired | Source of acquisition | Total Checkouts | Full call number | Barcode | Date last seen | Koha item type | Date last borrowed | Total Renewals |
|---|---|---|---|---|---|---|---|---|---|---|---|---|---|---|---|---|---|
| Dewey Decimal Classification | Baccah | Central Library | Central Library | First floor | 08/05/2018 | Purchase | 658.5752 ULR | 000043394 | 15/07/2025 | NB - Book (Non borrowing) | |||||||
| Dewey Decimal Classification | Baccah | Central Library | Central Library | First floor | 08/05/2018 | Purchase | 1 | 658.5752 ULR | 000043395 | 15/07/2025 | Book - Borrowing | 06/12/2018 | |||||
| Dewey Decimal Classification | Baccah | Central Library | Central Library | First floor | 08/05/2018 | Purchase | 5 | 658.5752 ULR | 000043396 | 15/07/2025 | Book - Borrowing | 21/11/2023 | 61 | ||||
| Dewey Decimal Classification | Baccah | Central Library | Central Library | First floor | 08/05/2018 | Purchase | 2 | 658.5752 ULR | 000043397 | 15/07/2025 | Book - Borrowing | 23/02/2020 | 37 | ||||
| Dewey Decimal Classification | Baccah | Central Library | Central Library | First floor | 08/05/2018 | Purchase | 3 | 658.5752 ULR | 000043398 | 15/07/2025 | Book - Borrowing | 01/11/2021 | 39 |